El delito de manejar en estado de ebriedad: aspectos penales, criminológicos y médico-legales. Doctrina, jurisprudencia y derecho comparado

Shranjeno v:
Bibliografske podrobnosti
Glavni avtor: Silva Silva, Hernán Octavio (autor)
Format: Knjiga
Jezik:španščina
Izdano: Santiago, Chile Jurídica de Chile 2009
Izdaja:Segunda edición
Teme:
Oznake: Označite
Brez oznak, prvi označite!

MARC

LEADER 00000nam a2200000 a 4500
001 UCH2287
003 CL-VaPUC
005 20230622162029.0
008 090604e20090300CL |||||||||||||||||spa|d
999 |c 334071  |d 334069 
020 |a 9789561019119 
040 |c Pontificia Universidad Católica de Valparaíso 
082 0 4 |a 346.032 SIL 2009  |2 21 
100 0 |a Silva Silva, Hernán Octavio  |e autor  |9 537013 
245 1 3 |a El delito de manejar en estado de ebriedad: aspectos penales, criminológicos y médico-legales. Doctrina, jurisprudencia y derecho comparado 
250 |a Segunda edición 
260 0 3 |a Santiago, Chile  |b Jurídica de Chile  |c 2009 
300 |a 367 páginas 
583 |a last modification  |c 20090604 00:00:00  |k Rodrigo Vera 
650 0 |a Accidentes  |9 351162 
650 0 |a Alcoholemia  |9 448991 
650 0 |a Código penal  |9 255935 
650 0 |a Delitos  |9 224143 
650 7 |a ESTADO DE EBRIEDAD  |2 CL-VaPUC  |9 448993 
650 0 |a Derecho comparado  |9 255664 
650 7 |a LEY DE ALCOHOLES  |2 CL-VaPUC  |9 371899 
650 7 |a PROCEDIMIENTO JUDICIAL  |2 CL-VaPUC  |9 537014 
650 7 |a SANCIONES  |2 CL-VaPUC  |9 371891 
942 |c BK  |2 ddc 
945 |d 20090604 00:00:00  |a dcastane 
952 |0 0  |1 0  |2 ddc  |4 0  |6 346_032000000000000_SIL_2009  |7 0  |8 A  |9 422865  |a BIBDER  |b BIBDER  |d 2019-11-22  |i 4558995  |o 346.032 SIL 2009  |p 4558995  |r 2023-01-25  |t 1  |w 2019-11-22  |y BK  |k DER